|
|
|
|
| LEADER |
00000cam a22000004a 4500 |
| 001 |
musev2_98587 |
| 003 |
MdBmJHUP |
| 005 |
20230905053336.0 |
| 006 |
m o d |
| 007 |
cr||||||||nn|n |
| 008 |
120206s1990 miu o 00 0 eng d |
| 020 |
|
|
|a 9781580444149
|
| 020 |
|
|
|z 9780918720443
|
| 035 |
|
|
|a (OCoLC)1291400121
|
| 040 |
|
|
|a MdBmJHUP
|c MdBmJHUP
|
| 245 |
0 |
0 |
|a Three Middle English Charlemagne Romances /
|c edited by Alan Lupack.
|
| 264 |
|
1 |
|a Kalamazoo, Mich. :
|b Published for TEAMS by Medieval Institute Publications, Western Michigan University,
|c 1990.
|
| 264 |
|
3 |
|a Baltimore, Md. :
|b Project MUSE,
|c 2022
|
| 264 |
|
4 |
|c ©1990.
|
| 300 |
|
|
|a 1 online resource (215 pages).
|
| 336 |
|
|
|a text
|b txt
|2 rdacontent
|
| 337 |
|
|
|a computer
|b c
|2 rdamedia
|
| 338 |
|
|
|a online resource
|b cr
|2 rdacarrier
|
| 490 |
0 |
|
|a Middle English texts
|
| 505 |
0 |
|
|a The sultan of Babylon -- The siege of Milan -- The tale of Ralph the Collier.
|
| 588 |
|
|
|a Description based on print version record.
|
| 600 |
1 |
7 |
|a Karl (Römisch-Deutsches Reich, Kaiser, I.)
|2 swd
|
| 600 |
0 |
7 |
|a Charlemagne,
|c Emperor,
|d 742-814.
|2 fast
|0 (OCoLC)fst00034181
|
| 600 |
0 |
0 |
|a Charlemagne,
|c Emperor,
|d 742-814
|v Romances.
|
| 650 |
0 |
7 |
|a Anthologie.
|2 swd
|
| 650 |
|
7 |
|a Epik
|2 gnd
|
| 650 |
|
7 |
|a Belletristische Darstellung
|2 gnd
|
| 650 |
|
7 |
|a Romances, English.
|2 fast
|0 (OCoLC)fst01099909
|
| 650 |
|
7 |
|a English poetry
|x Middle English.
|2 fast
|0 (OCoLC)fst01710964
|
| 650 |
|
7 |
|a LITERARY COLLECTIONS
|x Medieval.
|2 bisacsh
|
| 650 |
|
0 |
|a Romances, English.
|
| 650 |
|
0 |
|a English poetry
|y Middle English, 1100-1500.
|
| 651 |
|
7 |
|a Mittelenglisch.
|2 swd
|
| 655 |
|
7 |
|a Romances.
|2 fast
|0 (OCoLC)fst01423856
|
| 655 |
|
7 |
|a Electronic books.
|2 local
|
| 700 |
1 |
|
|a Lupack, Alan.
|
| 730 |
0 |
|
|a Tale of Ralph the Collier.
|
| 730 |
0 |
|
|a Siege of Milan.
|
| 730 |
0 |
|
|a Sultan of Babylon.
|
| 710 |
2 |
|
|a Project Muse.
|e distributor
|
| 830 |
|
0 |
|a Book collections on Project MUSE.
|
| 856 |
4 |
0 |
|z Texto completo
|u https://projectmuse.uam.elogim.com/book/98587/
|
| 945 |
|
|
|a Project MUSE - Custom Collection
|